000 00350nam a2200133Ia 4500
008 240624s9999 xx 000 0 und d
041 _aeng
082 _a332.6 MIC
100 _aMICOCCI MARCO
245 _aPENSION FUND RISK MANAGEMENT FINANCIAL A
260 _c2010
_aLondon
_bCRC Press
300 _axxxvi, : 728 : p. : cm. ; 23
365 _cBPS
_b27
999 _c16900
_d16900